Vplyv daňového a odvodového zaťaženia na hospodárenie firmy diplomová práca

Gespeichert in:
Bibliographische Detailangaben
1. Verfasser: Líšková, Kristína
Körperschaft: Fakulta podnikového manažmentu EU. Katedra podnikovohospodárska
Weitere Verfasser: Kufelová, Iveta, 1970-
Format: Buch
Sprache:Slowakisch
Veröffentlicht: Bratislava 2018
Tags: Tag hinzufügen
Keine Tags, Fügen Sie das erste Tag hinzu!

MARC

LEADER 00000nbm a2200000 4500
001 0244594
005 20181004111848.9
041 0 |a slo 
044 |a SK 
245 1 0 |a Vplyv daňového a odvodového zaťaženia na hospodárenie firmy  |b diplomová práca  |c Kristína Líšková ; školiteľ: Iveta Kufelová 
264 1 |a Bratislava  |c 2018 
300 |a 74 s. 
100 1 |a Líšková, Kristína 
700 1 |a Kufelová, Iveta, 1970- 
710 2 |a Fakulta podnikového manažmentu EU. Katedra podnikovohospodárska